Η αρχή της ελεύθερης κυκλοφορίας των υπηρεσιών στις θαλάσσιες μεταφορές στο εσωτερικό των κρατών μελών της Ευρωπαϊκής Ένωσης και οι επιπτώσεις της : πτυχιακή εργασία
Αποθηκεύτηκε σε:
| Κύριος συγγραφέας: | |
|---|---|
| Συγγραφή απο Οργανισμό/Αρχή: | |
| Άλλοι συγγραφείς: | |
| Μορφή: | Thesis Βιβλίο |
| Γλώσσα: | Greek |
| Δημοσίευση: |
2002
|
| Θέματα: | |
| Ετικέτες: |
Προσθήκη ετικέτας
Δεν υπάρχουν, Καταχωρήστε ετικέτα πρώτοι!
|
MARC
| LEADER | 00000cam a2200000 i 4500 | ||
|---|---|---|---|
| 001 | 1/33368 | ||
| 008 | 030227s2002 gre d | ||
| 035 | |l 10069500 | ||
| 040 | |a GR-MY-UA |b gre |e aacr | ||
| 041 | 0 | |a gre | |
| 082 | 0 | |a 387.5 |2 (22) | |
| 100 | 1 | |a Τζανέτου, Δέσποινα. | |
| 245 | 1 | 2 | |a Η αρχή της ελεύθερης κυκλοφορίας των υπηρεσιών στις θαλάσσιες μεταφορές στο εσωτερικό των κρατών μελών της Ευρωπαϊκής Ένωσης και οι επιπτώσεις της : |b πτυχιακή εργασία / |c Τζανέτου Δέσποινα ; επιβλέπων: Θ. Πάλλης |
| 260 | |c 2002 | ||
| 300 | |a 1 τ. (ποικίλες σελιδαριθμήσεις); |b πίν.; |c 30 εκ. | ||
| 502 | |a Πτυχιακή εργασία – Πανεπιστήμιο Αιγαίου, Χίος, 2002. | ||
| 504 | |a Περιλαμβάνει βιβλιογραφία | ||
| 610 | 2 | 0 | |a Πανεπιστήμιο Αιγαίου. |
| 650 | 0 | 0 | |a Ocean travel. |
| 650 | 0 | 0 | |a Shipping. |
| 650 | 0 | 0 | |a Transportation. |
| 650 | 0 | 0 | |a Dissertations, Academic |z Greece. |
| 700 | 1 | |4 ths |a Πάλλης, Αθανάσιος Α. | |
| 710 | 1 | |a Πανεπιστήμιο Αιγαίου |b Σχολή Επιστημών της Διοίκησης |b Τμήμα Ναυτιλίας και Επιχειρηματικών Υπηρεσιών - Τ.Ν.Ε.Υ. | |
| 852 | |a INST |b CHIOS |c DIATR |e 20030227 |h 387.5 ΤΖΑ |p 005200013916 |q 005200013916 |t DIE |y 23 | ||
| 901 | |a BIBL2-2003-1 | ||
| 909 | |a Χ |b 100123 | ||
| 924 | |a Τζανέτου |b Δέσποινα |y Χίος |z 2002-09 | ||
| 970 | |a Χαζίρη |b Αννα |z 2003/02/27 | ||